In court in 1999 (Record no. 62297)

MARC details
000 -LEADER
fixed length control field 00980cam a2200277 4500
001 - CONTROL NUMBER
control field ABS61836
008 - FIXED-LENGTH DATA ELEMENTS--GENERAL INFORMATION
fixed length control field 000000n1999 000 0 eng u
035 ## - SYSTEM CONTROL NUMBER
System control number (Sirsi) u103729
100 ## - MAIN ENTRY--PERSONAL NAME
Personal name Murdoch, S.
245 ## - TITLE STATEMENT
Title In court in 1999
260 ## - PUBLICATION, DISTRIBUTION, ETC.
Date of publication, distribution, etc. 1999
490 ## - SERIES STATEMENT
Series statement Estates Gazette
Volume/sequential designation (9950) 18 December 1999, 74-75(2)
520 ## - SUMMARY, ETC.
Summary, etc. Highlights the key property law cases of 1999. Looks at decisions concerning mistake of law, expert witnesses, landlord's duties, Section 17 notices and the Landlord and Tenant Act 1954.
590 ## - LOCAL NOTE (RLIN)
Local note ABS
650 ## - SUBJECT ADDED ENTRY--TOPICAL TERM
Topical term or geographic name entry element PROPERTY LAW
650 ## - SUBJECT ADDED ENTRY--TOPICAL TERM
Topical term or geographic name entry element LANDLORDS DUTIES
650 ## - SUBJECT ADDED ENTRY--TOPICAL TERM
Topical term or geographic name entry element EXPERT WITNESSES
650 ## - SUBJECT ADDED ENTRY--TOPICAL TERM
Topical term or geographic name entry element LANDLORD AND TENANT ACT 1954
650 ## - SUBJECT ADDED ENTRY--TOPICAL TERM
Topical term or geographic name entry element PEACOCK PLC V DB RAMSDEN AND CO LTD (NO2)
650 ## - SUBJECT ADDED ENTRY--TOPICAL TERM
Topical term or geographic name entry element MORGAN SINDALL PLC V SAWSTON FARMS (CAMBS) LTD
650 ## - SUBJECT ADDED ENTRY--TOPICAL TERM
Topical term or geographic name entry element NYNEHEAD DEVELOPMENTS LTD V RH FIBREBOARD CONTAINERS LTD
650 ## - SUBJECT ADDED ENTRY--TOPICAL TERM
Topical term or geographic name entry element CRICKET LTD V SHAFTESBURY
690 ## - LOCAL SUBJECT ADDED ENTRY--TOPICAL TERM (OCLC, RLIN)
Topical term or geographic name as entry element PROPERTY
700 ## - ADDED ENTRY--PERSONAL NAME
Personal name Murdoch, J.
942 ## - ADDED ENTRY ELEMENTS (KOHA)
Suppress in OPAC 0
Holdings
Withdrawn status Lost status Source of classification or shelving scheme Damaged status Not for loan Home library Current library Shelving location Date acquired Total Checkouts Full call number Barcode Date last seen Copy number Price effective from Koha item type
    Dewey Decimal Classification     London London Journal article 21/01/2000   ABS61836 103729-1001 06/08/2019 1 06/08/2019 Journal article